MARC

LEADER 00000nam0a2200000 4500
001 297573
005 20231102001024.0
035 |a (RuTPU)RU\TPU\book\322706 
090 |a 297573 
100 |a 20150609d1983 k y0rusy5003 ca 
101 0 |a rus 
102 |a RU 
105 |a a z 001zy 
200 1 |a Автоматизация энергосистем и энергоустановок промышленных предприятий  |e тематический сборник научных трудов  |f Челябинский политехнический институт (ЧелПИ) 
210 |a Челябинск  |c Изд-во ЧелПИ  |d 1983 
215 |a 147 с.  |c ил.  |d 20 см 
225 1 |a Тематический сборник научных трудов [Челябинского политехнического института] 
320 |a Библиография в конце статей 
606 1 |a Энергетические системы  |x Автоматизация  |2 stltpush  |3 (RuTPU)RU\TPU\subj\21252  |9 46271 
606 1 |a Электрооборудование  |2 stltpush  |3 (RuTPU)RU\TPU\subj\20584  |9 45678 
610 1 |a энергетические установки 
610 1 |a токораспределение 
610 1 |a вентильные преобразователи 
610 1 |a сборные шины 
610 1 |a компоновка 
610 1 |a математические модели 
610 1 |a тиристоры 
610 1 |a вольт-амперные характеристики 
610 1 |a электрические сети 
610 1 |a режим работы 
610 1 |a релейная защита 
610 1 |a электрические станции 
610 1 |a теплосиловое оборудование 
675 |a 621.311-5  |z rus  |v 4 
675 |a 621.31  |z rus  |v 4 
712 0 2 |a Челябинский политехнический институт (ЧелПИ)  |c (1951-1990)  |2 stltpush  |3 (RuTPU)RU\TPU\col\7924 
801 0 |a RU  |b RuMRKP  |c 19950704  |g psbo 
801 1 |a RU  |b 63413507  |c 20150609 
801 2 |a RU  |b 63413507  |c 20170726  |g RCR 
942 |c BK